| 000 | 00668nam a22001937a 4500 | ||
|---|---|---|---|
| 005 | 20100807115227.0 | ||
| 010 | _aENG-98852 | ||
| 020 |
_a9789380439044 _c60.00 |
||
| 035 | _aEN-82384 | ||
| 037 | _bDBAD/PUB | ||
| 082 | _a346.044 | ||
| 100 |
_aKarpagam,R _98340 |
||
| 245 |
_aConservation Laws / _cBy R Karpagam |
||
| 260 |
_aErode _bKongu Nadu Literature _c2009 |
||
| 270 |
_a93, Chinnamuthu Main Street E K Valasu _bErode, Tamil Nadu _e11 |
||
| 300 |
_a92p _c20cm(pbk) |
||
| 942 |
_2ddc _cEN _h346.044 _mKAR |
||
| 999 |
_c40002 _d40002 |
||